[Event "Det åpne NNM 2012 Sparebank1 NN-turneringen"]
[Site "Høgskolen i Finnmark"]
[Date "2012.05.25"]
[Round "1"]
[White "Mikalsen, Odd Erling"]
[Black "Romsdal, Trond"]
[Result "1-0"]
[WhiteElo "1770"]
[BlackElo "2074"]
[PlyCount "69"]
[EventDate "2012.??.??"]

1. e4 c5 2. Nc3 Nc6 3. f4 g6 4. Nf3 Bg7 5. Bb5 Nd4 6. e5 Nxb5 7. Nxb5 a6 8. Nc3
d6 9. d4 cxd4 10. Qxd4 Bg4 11. Qf2 Rc8 12. Be3 Bxf3 13. Qxf3 dxe5 14. fxe5 Bxe5
15. O-O Nf6 16. Qxb7 O-O 17. Rad1 Qa5 18. Nd5 Rxc2 19. Qxe7 Ng4 20. h3 Nxe3 21.
Nxe3 Rc7 22. Qh4 Qc5 23. Rf3 Bxb2 24. Kh1 Re8 25. Ng4 Rce7 26. Nf6+ Bxf6 27.
Qxf6 a5 28. Rdf1 a4 29. a3 Rb7 30. Qh4 Qb5 31. Rf4 Qd3 32. Qf2 Re2 33. Qc5 Qg3
34. Qc8+ Kg7 35. Qxb7 
1-0

[Event "Det åpne NNM 2012 Sparebank1 NN-turneringen"]
[Site "Høgskolen i Finnmark"]
[Date "2012.05.25"]
[Round "1"]
[White "Mikalsen, Erlend"]
[Black "Johnsen, Svein Harald"]
[Result "1-0"]
[WhiteElo "2104"]
[BlackElo "1800"]
[PlyCount "78"]
[EventDate "2012.??.??"]

1. e4 e5 2. Bc4 d6 3. Nf3 Be7 4. d3 Nf6 5. c3 O-O 6. Nbd2 c6 7. Bb3 Nbd7 8. Nf1
d5 9. Qe2 dxe4 10. dxe4 Qc7 11. Ng3 Nc5 12. Bc2 b6 13. Nh4 Ba6 14. c4 Ne6 15.
O-O Nd4 16. Qe3 Nd7 17. Nhf5 Nc5 18. Qc3 Nxc2 19. Qxc2 g6 20. Nxe7+ Qxe7 21. b3
Ne6 22. Bb2 f6 23. Ne2 c5 24. f4 Nd4 25. Bxd4 exd4 26. Rae1 Bb7 27. Ng3 Rfe8
28. Re2 h5 29. Rfe1 h4 30. Nh1 h3 31. gxh3 Qh7 32. Qd3 Rad8 33. Nf2 Kf7 34. Ng4
Rh8 35. e5 f5 36. e6+ Ke7 37. Ne5 Rdg8 38. Qg3 g5 39. fxg5 Rxg5 
1-0

[Event "Det åpne NNM 2012 Sparebank1 NN-turneringen"]
[Site "Høgskolen i Finnmark"]
[Date "2012.05.25"]
[Round "2"]
[White "Brasøy, Aksel"]
[Black "Mikalsen, Erlend"]
[Result "0-1"]
[WhiteElo "1892"]
[BlackElo "2104"]
[PlyCount "110"]
[EventDate "2012.??.??"]

1. d4 f5 2. g3 Nf6 3. Bg2 g6 4. Nf3 Bg7 5. O-O O-O 6. b4 a5 7. b5 a4 8. c4 c6
9. Na3 Ne4 10. Bb2 d5 11. Qc2 Be6 12. Ne5 cxb5 13. cxb5 Nd7 14. Rac1 Nb6 15.
Rfd1 Nd6 16. e3 Rc8 17. Qe2 Rxc1 18. Rxc1 Qb8 19. Qd1 Rc8 20. Rc2 Rxc2 21. Qxc2
Qc8 22. Qxc8+ Bxc8 23. Nd3 Bd7 24. Nc5 Bxb5 25. Nxb5 Nxb5 26. Nxb7 e6 27. Bf1
Nc4 28. Ba1 Bf8 29. Nc5 Bxc5 30. dxc5 Kf7 31. Bd3 Nba3 32. Kf1 Ke7 33. Ke2 Kd7
34. Bc3 Kc6 35. Bb4 e5 36. f3 e4 37. Bxc4 Nxc4 38. fxe4 dxe4 39. h3 Kb5 40. Be1
Kxc5 41. Bc3 Na3 42. Be1 Kc4 43. Kd2 Nb5 44. Kc2 Nc7 45. Bc3 Nd5 46. Bd4 a3 47.
Ba7 Nc3 48. Bc5 Nd5 49. Bxa3 Nxe3+ 50. Kd2 Nf1+ 51. Ke1 Nxg3 52. Bd6 Nh5 53. a4
Nf6 54. a5 Kb5 55. Be7 Nd7 
0-1

[Event "Det åpne NNM 2012 Sparebank1 NN-turneringen"]
[Site "Høgskolen i Finnmark"]
[Date "2012.05.26"]
[Round "2"]
[White "Johnsen, Kjell Magne"]
[Black "Mikalsen, Odd Erling"]
[Result "0-1"]
[WhiteElo "1928"]
[BlackElo "1770"]
[PlyCount "72"]
[EventDate "2012.??.??"]

1. d4 Nf6 2. c4 d6 3. Nf3 g6 4. Nc3 Bg7 5. e4 O-O 6. Be2 c5 7. d5 Na6 8. O-O
Nc7 9. h3 a6 10. a4 Bd7 11. a5 Rb8 12. Bf4 b5 13. axb6 Rxb6 14. Qd2 Qb8 15. Ra2
Qb7 16. Ne1 Rb3 17. Nd3 Rxc3 18. Qxc3 Nfxd5 19. Qa5 Nxf4 20. Nxf4 Ne6 21. Nxe6
Bxe6 22. Bd3 Qb3 23. Ra3 Qxb2 24. Qxa6 Be5 25. f4 Bd4+ 26. Kh1 f5 27. Ra2 Qc3
28. Ra3 Qd2 29. exf5 Bxf5 30. Bxf5 Rxf5 31. Raf3 Qe2 32. Qa8+ Kg7 33. g4 Rf8
34. Qd5 Rb8 35. f5 Rb2 36. f6+ exf6 
0-1

[Event "Det åpne NNM 2012 Sparebank1 NN-turneringen"]
[Site "Høgskolen i Finnmark"]
[Date "2012.05.26"]
[Round "2"]
[White "Røyset, Pål"]
[Black "Joensen, John"]
[Result "0-1"]
[WhiteElo "2131"]
[BlackElo "1876"]
[PlyCount "100"]
[EventDate "2012.??.??"]

1. e4 e5 2. Nf3 Nc6 3. Bb5 a6 4. Ba4 Nf6 5. d3 b5 6. Bb3 Be7 7. a4 Rb8 8. axb5
axb5 9. O-O d6 10. c3 O-O 11. Re1 Bd7 12. Nbd2 Ra8 13. Rxa8 Qxa8 14. Nf1 Na5
15. Bc2 c5 16. Ng3 g6 17. Bh6 Re8 18. h3 Nc6 19. Qd2 Nd8 20. Nf5 Ne6 21. Nxe7+
Rxe7 22. d4 exd4 23. cxd4 c4 24. d5 Ng7 25. Bg5 Nge8 26. Qd4 Kg7 27. Re3 h6 28.
Bh4 Bc8 29. Ra3 Qb7 30. g4 Qc7 31. g5 hxg5 32. Bxg5 b4 33. Ra8 Qb7 34. Ra1 b3
35. Bb1 Qd7 36. Bxf6+ Nxf6 37. Ng5 Qb5 38. Ra8 Rc7 39. Qc3 Qe8 40. f4 Qb5 41.
Kg2 Qb7 42. Ra4 Qb5 43. Ra5 Qb6 44. e5 dxe5 45. fxe5 Nh5 46. Be4 Nf4+ 47. Kf3
Nd3 48. e6+ f6 49. Bxd3 cxd3 50. Rb5 d2 
0-1

[Event "Det åpne NNM 2012 Sparebank1 NN-turneringen"]
[Site "Høgskolen i Finnmark"]
[Date "2012.05.26"]
[Round "2"]
[White "Grundekjøn, Christian"]
[Black "Jæger, Frode Bull"]
[Result "1-0"]
[WhiteElo "1812"]
[BlackElo "2062"]
[PlyCount "89"]
[EventDate "2012.??.??"]

1. e4 c5 2. Nf3 d6 3. c3 Nf6 4. Bb5+ Bd7 5. Bxd7+ Nbxd7 6. Qe2 e6 7. O-O Be7 8.
d4 cxd4 9. cxd4 d5 10. e5 Ne4 11. Nbd2 Nxd2 12. Bxd2 O-O 13. Rac1 Qb6 14. Rc2
Nb8 15. Rd1 Nc6 16. h3 Rfe8 17. Bc3 a5 18. Ne1 f6 19. f4 fxe5 20. fxe5 Rf8 21.
Rd3 Rf4 22. Nf3 Raf8 23. a3 h6 24. Qf2 Qd8 25. g3 R4f5 26. Kg2 Qe8 27. Rc1 Qg6
28. Qe2 R5f7 29. Rf1 b5 30. Nh2 Rxf1 31. Nxf1 b4 32. axb4 axb4 33. Be1 Rf4 34.
Bf2 Re4 35. Qc2 Nd8 36. Rf3 Nf7 37. Nd2 Ng5 38. Rf4 Kh7 39. Nxe4 dxe4 40. h4
Nf3 41. Qxe4 Qxe4 42. Rxe4 Nd2 43. Re2 Nc4 44. Rc2 Nb6 45. Rc6 
1-0

[Event "Det åpne NNM 2012 Sparebank1 NN-turneringen"]
[Site "Høgskolen i Finnmark"]
[Date "2012.05.25"]
[Round "3"]
[White "Mikalsen, Odd Erling"]
[Black "Mikalsen, Erlend"]
[Result "0-1"]
[WhiteElo "1770"]
[BlackElo "2104"]
[PlyCount "110"]
[EventDate "2012.??.??"]

1. c4 g6 2. Nf3 Bg7 3. g3 d6 4. Bg2 Nf6 5. d3 O-O 6. Nc3 e5 7. O-O Re8 8. Bd2
c6 9. Qc1 d5 10. e4 d4 11. Ne2 Nbd7 12. Ne1 a5 13. b4 axb4 14. Bxb4 Nh5 15. a4
Qb6 16. Bd2 Nc5 17. Rb1 Qd8 18. a5 f5 19. Qa3 Bf8 20. Bb4 Nd7 21. Bxf8 Rxa5 22.
Qc1 Nxf8 23. exf5 gxf5 24. Qh6 Ng7 25. Nf3 Ra6 26. Ra1 Re6 27. Qd2 Rxa1 28.
Rxa1 Qf6 29. Ra8 Re8 30. Qb4 Nd7 31. Nd2 Qf8 32. Qxf8+ Kxf8 33. f4 Ne6 34. Bh3
exf4 35. Bxf5 Nb6 36. Rb8 fxg3 37. hxg3 Nc5 38. Bxc8 Rxc8 39. Rxc8+ Nxc8 40.
Nxd4 Nxd3 41. Ne4 Ke7 42. Kg2 Nd6 43. Nd2 c5 44. Nc2 Ke6 45. Kf3 Ne5+ 46. Kf4
Nexc4 47. Nf3 Kf6 48. g4 b5 49. g5+ Ke6 50. Kg4 b4 51. Kh5 Nf5 52. Na1 Ne5 53.
Nd2 Kd5 54. Nab3 c4 55. Nc1 Kd4 
0-1

[Event "Det åpne NNM 2012 Sparebank1 NN-turneringen"]
[Site "Høgskolen i Finnmark"]
[Date "2012.05.26"]
[Round "3"]
[White "Joensen, John"]
[Black "Grundekjøn, Christian"]
[Result "0-1"]
[WhiteElo "1876"]
[BlackElo "1812"]
[PlyCount "93"]
[EventDate "2012.??.??"]

1. e4 c5 2. Nf3 e6 3. d4 cxd4 4. Nxd4 Nf6 5. Nc3 d6 6. Be2 a6 7. O-O b5 8. Bf3
e5 9. Nb3 Be7 10. Re1 O-O 11. Bg5 Be6 12. Bxf6 Bxf6 13. Nd5 Nd7 14. Qd3 Nb6 15.
Nd2 Nxd5 16. exd5 Bd7 17. c3 Be7 18. Bd1 f5 19. f3 Rf6 20. Kh1 Rh6 21. Nf1 f4
22. a4 g6 23. c4 Bf5 24. Qb3 bxc4 25. Qxc4 a5 26. b4 Rc8 27. Qb3 axb4 28. Qxb4
Bh4 29. Re4 Bxe4 30. fxe4 Bf2 31. Bg4 Bc5 32. Be6+ Kh8 33. Qb5 Rb8 34. Qd7 Qxd7
35. Bxd7 g5 36. a5 Rf6 37. Nd2 Rf7 38. Bc6 g4 39. h3 f3 40. gxf3 gxf3 41. Rf1
f2 42. a6 Rg8 43. Bb5 Rg1+ 44. Kh2 Be3 45. h4 Bf4+ 46. Kh3 Rg3+ 47. Kh2 
0-1

[Event "Det åpne NNM 2012 Sparebank1 NN-turneringen"]
[Site "Høgskolen i Finnmark"]
[Date "2012.05.26"]
[Round "4"]
[White "Mikalsen, Erlend"]
[Black "Grundekjøn, Christian"]
[Result "0-1"]
[WhiteElo "2104"]
[BlackElo "1812"]
[PlyCount "68"]
[EventDate "2012.??.??"]

1. e4 c5 2. Nf3 e6 3. d4 cxd4 4. Nxd4 a6 5. c4 Nf6 6. Nc3 Qc7 7. a3 Be7 8. Be2
O-O 9. O-O Nc6 10. Be3 Ne5 11. Rc1 d6 12. f4 Nc6 13. Bd3 e5 14. Nd5 Qd8 15.
Nxc6 bxc6 16. Bb6 Qd7 17. fxe5 dxe5 18. Nxe7+ Qxe7 19. b4 Bg4 20. Qe1 Rfb8 21.
Bc5 Qe6 22. h3 Rd8 23. Qe3 Bh5 24. b5 cxb5 25. cxb5 axb5 26. Bxb5 Bg6 27. Bc4
Qd7 28. Rxf6 gxf6 29. Bd5 Rac8 30. g4 Qa4 31. Bb4 Rxc1+ 32. Qxc1 Bxe4 33. Qc7
Qd1+ 34. Kh2 Qxd5 
0-1

[Event "Det åpne NNM 2012 Sparebank1 NN-turnerin"]
[Site "Høgskolen i Finnmark"]
[Date "2012.05.27"]
[Round "4"]
[White "Joensen, John"]
[Black "Romsdal, Trond"]
[Result "1/2-1/2"]
[WhiteElo "1876"]
[BlackElo "2074"]
[PlyCount "56"]
[EventDate "2012.??.??"]

1. e4 c5 2. Nf3 d6 3. d4 cxd4 4. Nxd4 Nf6 5. Nc3 a6 6. Be2 e5 7. Nb3 Be6 8. Bg5
Nbd7 9. O-O Be7 10. f4 Qc7 11. Qd2 O-O 12. Rae1 Rac8 13. Kh1 b5 14. a3 Bxb3 15.
cxb3 Nc5 16. Bd1 Qb7 17. fxe5 dxe5 18. Bxf6 Bxf6 19. Rxf6 gxf6 20. Qh6 Rc6 21.
Nd5 Rd8 22. Nxf6+ Rxf6 23. Qxf6 Qc7 24. Qg5+ Kf8 25. Qh6+ Ke8 26. Qxh7 Nd3 27.
Qg8+ Ke7 28. Qg5+ Ke8 1/2-1/2

[Event "Det åpne NNM 2012 Sparebank1 NN-turneringen"]
[Site "Høgskolen i Finnmark"]
[Date "2012.05.27"]
[Round "5"]
[White "Grundekjøn, Christian"]
[Black "Romsdal, Trond"]
[Result "0-1"]
[WhiteElo "1812"]
[BlackElo "2074"]
[PlyCount "100"]
[EventDate "2012.??.??"]

1. e4 g6 2. Nf3 Bg7 3. d4 d6 4. Bc4 Nf6 5. Qe2 O-O 6. O-O Nc6 7. c3 e5 8. dxe5
Nxe5 9. Nxe5 dxe5 10. Rd1 Qe7 11. b3 Rd8 12. Rxd8+ Qxd8 13. Nd2 Nh5 14. Nf1 Nf4
15. Qf3 Be6 16. Bxe6 Nxe6 17. Ba3 c6 18. Rd1 Qe8 19. Ne3 h5 20. Nc4 Rd8 21. h4
Rd7 22. Bc1 Qd8 23. Rxd7 Qxd7 24. g3 b5 25. Nb2 Qd6 26. Qd3 Qe7 27. Be3 Bf8 28.
c4 Qa3 29. Qb1 Bc5 30. Bc1 Bd4 31. Nd3 Qd6 32. cxb5 cxb5 33. Qc2 Qd7 34. Kg2 a5
35. Bd2 b4 36. f3 Qb5 37. Be1 Kg7 38. Qc4 Qxc4 39. bxc4 Kf6 40. Kf1 Ke7 41. Ke2
Kd6 42. Bd2 Nc5 43. Nc1 Bb2 44. Kd1 Bxc1 45. Kxc1 Ne6 46. Be3 Nd4 47. Bxd4 exd4
48. Kc2 Kc5 49. Kd3 a4 50. f4 a3 
0-1

[Event "Det åpne NNM 2012 Sparebank1 NN-turneringen"]
[Site "Høgskolen i Finnmark"]
[Date "2012.05.27"]
[Round "5"]
[White "Walseth, Tron"]
[Black "Mikalsen, Erlend"]
[Result "1/2-1/2"]
[WhiteElo "1912"]
[BlackElo "2104"]
[PlyCount "75"]
[EventDate "2012.??.??"]

1. c4 g6 2. g3 Bg7 3. Bg2 d6 4. Nc3 Nf6 5. Nf3 O-O 6. O-O e5 7. d3 Re8 8. Ne1
c6 9. e4 Be6 10. f4 Bg4 11. Qc2 Qd7 12. f5 gxf5 13. h3 fxe4 14. hxg4 exd3 15.
Qxd3 Qxg4 16. Ne4 Nxe4 17. Bxe4 Na6 18. Bxh7+ Kh8 19. Bf5 Qd4+ 20. Qxd4 exd4
21. Nd3 Nc5 22. Nxc5 dxc5 23. Bd3 Be5 24. Rxf7 Bxg3 25. Kg2 Re1 26. Rh7+ Kg8
27. Kxg3 Rf8 28. Rh2 Rf7 29. Rb1 Rg1+ 30. Kh4 Rf3 31. Be4 Rff1 32. Rg2+ Rxg2
33. Bxg2 Re1 34. Kg3 d3 35. Be4 Rxe4 36. Bd2 Rxc4 37. Bc3 b5 38. Rd1 
1/2-1/2

[Event "Det åpne NNM 2012 Sparebank1 NN-turnerin"]
[Site "Høgskolen i Finnmark"]
[Date "2012.05.28"]
[Round "6"]
[White "Grundekjøn, Christian"]
[Black "Walseth, Tron"]
[Result "0-1"]
[WhiteElo "1812"]
[BlackElo "1912"]
[PlyCount "132"]
[EventDate "2012.??.??"]

1. d4 Nf6 2. c4 e6 3. g3 Bb4+ 4. Nd2 c5 5. a3 Bxd2+ 6. Qxd2 cxd4 7. Qxd4 Nc6 8.
Qc3 b6 9. Bg2 Ba6 10. b4 Bb7 11. Bf4 Rc8 12. Bd6 Na5 13. Bxb7 Nxb7 14. Be5 d6
15. Bd4 e5 16. Be3 Qc7 17. Rc1 d5 18. Qb3 dxc4 19. Qa4+ Qc6 20. Qxc6+ Rxc6 21.
Nf3 Nd7 22. O-O Ke7 23. Rfd1 f6 24. b5 Rc7 25. Bd2 Nd6 26. Bb4 Nc5 27. Nd2 Nxb5
28. Nxc4 Rd8 29. a4 Nd4 30. Kf1 Ndb3 31. Rxd8 Kxd8 32. Rd1+ Nd7 33. Nd6 Rc1 34.
Nf7+ Kc7 35. Bd6+ Kc8 36. Rxc1+ Nxc1 37. Ba3 Nb3 38. Nd6+ Kd8 39. Nb5 a6 40.
Nc3 Kc7 41. e3 Kc6 42. Ke2 Nbc5 43. h4 e4 44. Bb2 Ne5 45. Ba3 f5 46. Na2 Nxa4
47. Bf8 g6 48. Nb4+ Kb5 49. Nd5 Kc4 50. Nf4 h5 51. Bd6 Nc3+ 52. Kd2 Nd3 53. Ne6
Nd5 54. Nf8 b5 55. Nxg6 a5 56. Nh8 b4 57. Nf7 a4 58. Bf8 a3 59. Nd6+ Kb3 60.
Bg7 Nc3 61. Nxf5 a2 62. Nd4+ Kb2 63. Nc2 Nc5 64. Bxc3+ bxc3+ 65. Kd1 Nd3 66.
Na1 Nxf2+ 0-1

[Event "Det åpne NNM 2012 Sparebank1 NN-turneringen"]
[Site "Høgskolen i Finnmark"]
[Date "2012.05.25"]
[Round "6"]
[White "Romsdal, Trond"]
[Black "Mikalsen, Erlend"]
[Result "1-0"]
[WhiteElo "2074"]
[BlackElo "2104"]
[PlyCount "73"]
[EventDate "2012.??.??"]

1. c4 g6 2. Nc3 Bg7 3. Nf3 d6 4. e4 c5 5. d3 Nc6 6. g3 Nf6 7. Bg2 O-O 8. O-O
Bg4 9. h3 Bxf3 10. Bxf3 Ne8 11. Bg2 Nc7 12. f4 Ne6 13. g4 Ned4 14. Be3 a6 15.
Qd2 b5 16. b3 Qa5 17. Rac1 Ra7 18. Kh1 f5 19. gxf5 gxf5 20. exf5 Rxf5 21. Be4
b4 22. Nd5 e6 23. Bxf5 Nxf5 24. Qg2 exd5 25. Qxd5+ Rf7 26. Qxc6 Ng3+ 27. Kh2
Nxf1+ 28. Rxf1 Qxa2+ 29. Rf2 Qxb3 30. Qxd6 h6 31. Bxc5 a5 32. Qd8+ Kh7 33. Qd5
Rf6 34. Qe4+ Kg8 35. Rg2 Qa4 36. Bd4 Rf7 37. Qe6 
1-0

[Event "Det åpne NNM 2012 Sparebank1 NN-turneringen"]
[Site "Høgskolen i Finnmark"]
[Date "2012.05.28"]
[Round "6"]
[White "Johnsen, Svein Harald"]
[Black "Mikalsen, Odd Erling"]
[Result "1/2-1/2"]
[WhiteElo "1800"]
[BlackElo "1770"]
[PlyCount "37"]
[EventDate "2012.??.??"]

1. d4 Nf6 2. g3 d6 3. c4 g6 4. Bg2 Bg7 5. Nf3 O-O 6. O-O c5 7. b3 cxd4 8. Nxd4
Ng4 9. Nc3 Qb6 10. e3 Nc6 11. Nxc6 bxc6 12. Na4 Qa5 13. Bd2 Qh5 14. h3 Nf6 15.
Qxh5 Nxh5 16. Bxc6 Bxh3 17. Bc3 Bxc3 18. Nxc3 Rac8 19. Bg2 
1/2-1/2